Culture Générale - Clic Quiz - La réponse est en emoji par IA #8 - Statistiques

Statistiques générales
  • Ce quiz a été pris 454 fois
  • Le résultat moyen est 21 sur 40
Statistiques - réponses
Hint Réponse % Correct
Charlie Chaplin
92%
Tom Cruise
91%
Zlatan Ibrahimovic
90%
Napoleon Bonaparte
89%
Timothée Chalamet
89%
Ronaldinho
79%
Oussama Ben Laden
75%
Charles III
73%
William de Galles
72%
Edinson Cavani
69%
Youri Gagarine
68%
Freddie Mercury
68%
Nicolas Cage
67%
Harry de Sussex
65%
Laurent Wauquiez
63%
Paul McCartney
62%
Gamal Abdel Nasser
60%
Shinzō Abe
58%
Charles Dickens
51%
Michael Douglas
51%
Hô Chi Minh
49%
Bill Murray
49%
Ruud Gullit
49%
Vincent Bolloré
49%
Pierce Brosnan
47%
George Best
47%
Chris Rock
46%
Manny Pacquiao
42%
Tim Burton
38%
Angus Young
37%
Gheorghe Hagi
36%
Benny Hill
30%
Yann Arthus-Bertrand
29%
Ernest Hemingway
28%
Jacob Rothschild
28%
Robert Smith
27%
Chris Cornell
24%
Lee Van Cleef
22%
Richard Feynman
18%
Morrissey
14%
Aucun quiz correspondant
Distribution des résultats
% des personnes avec chaque résultat
Percentile par nombre de réponses
Votre historique - résultats
Vous n’avez pas pris ce quiz